000
00283nam a22001217a 4500
082
_a
370.11 MCA
100
_a
MCASHAN H.H
245
_a
WRITING BEHAVIORAL OBJECTIVES
260
_a
LONDON
_b
HARPER
_c
1970
300
_a
XI,116P.
650
_a
WRITING BEHAVIORAL OBJECTIVES
942
_c
BK
999
_c
13288
_d
13288